| 000 | 00893nam a2200253 a 4500 | ||
|---|---|---|---|
| 001 | 13785077 | ||
| 008 | 160919s2006 ||||||||||||||||| || u | ||
| 010 | _a2004063649 | ||
| 020 | _a1585674826 | ||
| 020 | _a9781585674824 | ||
| 050 | _aPR 6072.I52S66 | ||
| 100 | _aVincenzi, Penny | ||
| 245 | 1 | 0 |
_aSomething dangerous _cPenny Vincenzi. |
| 260 |
_aWoodstock, NY _bOverlook Press _c2006 |
||
| 260 |
_aWoodstock, NY _bHeadline Review _c2006 |
||
| 300 | _a723 pages | ||
| 650 | 0 | _aPublishers and publishing - Fiction | |
| 650 | 0 | _aLytton family (Fictitious characters) - Fiction | |
| 650 | 0 | _aEngland - Fiction | |
| 650 | 0 | _aTwins - Fiction | |
| 650 | 0 | _aSisters - Fiction | |
| 856 | _uhttp://www.loc.gov/catdir/enhancements/fy1516/2004063649-s.html | ||
| 995 |
_FCBU-MAIN LIBRARY (Kitwe) _M1 _UOUT _WSep 19, 2016 _ZFiction Collection |
||
| 999 |
_c57936 _d57936 |
||